| 000 | 00621nam a22002051 4500 | ||
|---|---|---|---|
| 001 | bimo0000888361 | ||
| 003 | OSt | ||
| 005 | 20130824110217.0 | ||
| 008 | 900725s1968 sp spa | ||
| 040 |
_aSpMaBN _bspa _cBMC |
||
| 082 | _a922.22 Antonio, Santo | ||
| 100 |
_aFülöp-Miller, René _9481 _d1891-1963 |
||
| 245 | 1 | 0 |
_aAntonio, el santo de la renunciación _cRené Fülöp-Miller ; [traducción de Rómulo Erba] |
| 260 | 0 |
_aMadrid _bEspasa-Calpe _c1968 |
|
| 300 |
_a146 p. _c18 cm |
||
| 490 | 0 |
_aAustral _v1412 |
|
| 600 | 0 | 4 |
_91261 _aAntonio _cSanto _xBiografías |
| 700 |
_aErba, Rómulo _9656 |
||
| 942 |
_2ddc _cBK |
||
| 999 |
_c841 _d841 |
||